000 00641cam a2200229 4500
008 090401t1993 xxu||||| |||| 00| 0 eng d
020 _a0117527602
035 _a(Sirsi) u64966
041 _aeng
110 _aUnited Kingdom
_bDepartment of the Environment
_9982
245 _aPublic rights of way.
260 _aLondon
_bHMSO
_c1993
300 _a46p. ; 25cm.
350 _a5.35
490 _aDoE Circular
_v2/93 25 January 1993
650 _aPUBLIC RIGHTS OF WAY
650 _aRIGHTS OF WAY
650 _aTRANSPORT AND WORKS ACT 1992 S47
690 _aHIGHWAYS RIGHTS OF WAY AND EASEMENTS
942 _n0
948 _c04/03/1997
999 _c94720
_d94720